Estudios de literatura española ofrecidos a Marcos A. Morínigo

Sparad:
Bibliografiska uppgifter
Materialtyp: Bok
Språk:spanska
Publicerad: Madrid Insula 1971
Ämnen:
Taggar: Lägg till en tagg
Inga taggar, Lägg till första taggen!

MARC

LEADER 00000nam a2200000 a 4500
001 UCT7645
003 CL-VaPUC
008 970123e19710000SP |||||||||||||||||spa|d
082 0 4 |a 860.9  |b EST  |2 21 
245 1 0 |a Estudios de literatura española ofrecidos a Marcos A. Morínigo 
300 |a 185 p 
942 |c BK 
945 |d 19970123 00:00:00  |a rleighto 
260 |a Madrid  |b Insula  |c 1971 
600 0 7 |a MORINIGO, MARCOS A  |2 CL-VaPUC  |9 378665 
650 0 |a Literatura española  |9 306261 
650 0 |a Teatro español  |9 265077 
650 7 |a NOVELA ESPAÑOLA  |2 CL-VaPUC  |9 313139 
650 0 |a Ensayos españoles  |9 313128 
650 0 |a Crítica e interpretación   |9 255042 
583 |a last modification  |c 19970123 00:00:00  |k Rodrigo Vera 
999 |c 256202  |d 256200 
952 |0 0  |1 0  |4 0  |6 860_900000000000000_EST_1971  |7 0  |8 A  |9 278798  |a BIBEDU  |b BIBEDU  |d 2019-11-19  |i 3270912  |o 860.9 EST 1971  |p 3270912  |r 2019-11-19  |w 2019-11-19  |y BK  |k LIT